Statistics for U.S. States with O

Click here to take the quiz!

General Stats

  • This quiz has been taken 95 times
  • The average score is 24 of 27

Answer Stats

O state% Correct
North Carolina
100%
South Carolina
99%
North Dakota
97%
Ohio
97%
Oregon
97%
South Dakota
97%
California
96%
Montana
96%
Florida
94%
New York
93%
Colorado
91%
Missouri
91%
Oklahoma
91%
Connecticut
90%
Georgia
90%
New Mexico
88%
Wyoming
88%
Rhode Island
87%
Vermont
87%
Washington
87%
Wisconsin
87%
Arizona
85%
Illinois
85%
Idaho
84%
Iowa
84%
Louisiana
79%
Minnesota
69%

Score Distribution

Percentile by Number Answered

Percent of People with Each Score

Your Score History

You have not taken this quiz